Highest Grossing Movies A-Z - Statistics

General Stats
  • This quiz has been taken 21 times
  • The average score is 7 of 26
Answer Stats
Letter Billion $ Movie % Correct
A 2.92 Avatar
100%
T 2.26 Titanic
70%
B 1.45 Barbie
55%
H 1.34 Harry Potter and the Deathly Hallows: Part 2
55%
S 2.07 Star Wars: The Force Awakens
55%
Z 1.87 Zootopia 2
55%
C 1.16 Captain America: Civil War
45%
X 0.75 X-Men: Days of Future Past
45%
O 0.98 Oppenheimer
35%
M 1.16 Minions
30%
P 1.07 Pirates of the Caribbean: Dead Man's Chest
30%
I 1.70 Inside Out 2
25%
J 1.67 Jurassic World
25%
U 0.74 Up
25%
G 0.86 Guardians of the Galaxy Vol. 2
20%
D 1.34 Deadpool & Wolverine
15%
N 2.27 Ne Zha 2
15%
E 0.80 E.T. the Extra-Terrestrial
10%
L 1.04 Lilo & Stitch
10%
Q 0.59 Quantum of Solace
10%
F 1.52 Furious 7
5%
K 0.67 Kung Fu Panda 2
5%
R 1.06 Rogue One: A Star Wars Story
0%
V 0.86 Venom
0%
W 0.87 Wolf Warrior 2
0%
Y 0.43 Yolo
0%
No matching quizzes found
Score Distribution
Percent of People with Each Score
Percentile by Number Answered
Your Score History
You have not taken this quiz